000 00544nam a2200193Ia 4500
003 LK-CoDNM
005 20241126122745.0
008 010623t1985 xxu||||| |||| 00| 1 sin d
040 _aLK-CoDNM
_dLK-CoDNM
_eLK-CoDNM
041 _asin
080 _a294.3:008(076)
_bPRE
100 _aPremaratna Thero,Rotuba.
245 _aබෞද්ධ ශිෂ්ටාචාරය
246 _aBauddha Shistacharaya
260 _bPahan Paharuwa
_aWellawatta
_c1985
300 _b257p. ; 21 cm
650 _aබුදු දහම
942 _cBK
999 _c232806
_d232806